000 00646nam a22001937a 4500
003 OSt
005 20251203100226.0
008 251203b |||||||| |||| 00| 0 eng d
020 _a 978-971-27-2426-8.
040 _aDWCL-Admin lib
_cOC
082 _aFil. 808.8 N433a 2011
100 _aNem Singh, Rosario P.
245 _a Anthology of world literature for college /
_cRosario P. Nem Singh
260 _a Manaaluyong City :
_b Anvil, Pub. , Inc. ;
_cc2011
300 _a xviii, 258 p. :
_b ill. ;
_c26 cm.
504 _aIncludes bibliographical references & index.
650 _a1. Literature-Collections
942 _2ddc
_cBK - FIL
_kFil.
_n0
999 _c6736
_d6736